Länder mit den meisten Millionären - Statistiken

Allgemein
  • Dieses Quiz wurde 228 mal gespielt
  • Das Durchschnittsergebnis liegt bei 17 aus 21
Antwortstatistiken
Platz Land Anteil an Millionären % Korrekt
18. Deutschland 2,4%
98%
5. Vereinigte Staaten 5,5%
98%
10. Kanada 4%
92%
1. Schweiz 11,6%
92%
14. Frankreich 3,3%
91%
17. Japan 2,7%
91%
6. Norwegen 5,1%
89%
11. Schweden 3,9%
89%
15. Österreich 3,2%
88%
8. Vereinigtes Königreich 4,5%
87%
19. Italien 2,3%
85%
20. Niederlande 2,2%
83%
9. Luxemburg 4,4%
82%
3. Australien 6,2%
80%
13. Belgien 3,6%
80%
4. Dänemark 5,7%
78%
7. Neuseeland 5%
70%
16. Irland 3,1%
67%
2. Island 7,1%
67%
20. Katar 2,2%
61%
12. Singapur 3,7%
59%
Keine übereinstimmenden Quizze gefunden
Verteilung der Resultate
Anzahl Personen mit jedem Resultat
Perzentil nach korrekt beantworteten Fragen
Ihre Resultats-Entwicklung
Sie haben dieses Quiz noch nicht gespielt